000 02360cam a22003374a 4500
001 6947712
003 ARRUPE
005 20130918142757.0
008 080527s2008 ilu bd 001 0 eng
010 _a 2008022674
020 _a9780830824540 (cloth : alk. paper)
020 _a0830824545 (cloth : alk. paper)
024 _a40016063240
035 _a(OCoLC)ocn223907889
035 _a(OCoLC)223907889
035 _a(NNC)6947712
040 _aDLC
_cDLC
_dBTCTA
_dBAKER
_dYDXCP
_dABF
_dC#P
_dOrLoB-B
050 0 0 _aBR95
_b.G56 2008
082 0 0 _a230.03
_222
245 0 0 _aGlobal dictionary of theology :
_ba resource for the worldwide church /
_cedited by William A. Dyrness and Veli-Matti Kärkkäinen ; associate editors, Juan Francisco Martinez and Simon Chan.
260 _aDowners Grove, Ill. :
_bIVP Academic ;
_aNottingham, England :
_bInter-Varsity Press,
_cc2008.
300 _axxviii, 996 p. ;
_c26 cm.
504 _aIncludes bibliographical references and indexes.
520 1 _a"Theological dictionaries are foundational to any theological library. But until now there has been no global dictionary of theology, a theological dictionary that presumes the contribution of the Western tradition but moves beyond it to embrace and explore a full range of global expressions of theology." "The Global Dictionary of Theology is inspired by the shift of the center of Christianity from the West to the global South. But it also reflects the increase in two-way traffic between these two sectors as well as the global awareness that has permeated popular culture to an unprecedented degree." "The editorial perspective of the Global Dictionary of Theology is an ecumenical evangelicalism that is receptive to discovering new facets of truth through listening and conversation on a global scale." "Pastors, theological teachers, theological students and lay Christian leaders will all find the Global Dictionary of Theology to be a resource that unfolds new dimensions and reveals new panoramas of theological perspective and inquiry. Here is a new launching point for doing theology in today's global context."--BOOK JACKET.
650 0 _aTheology
_vDictionaries.
_9584
700 1 _aDyrness, William A.
_9585
700 1 _aKärkkäinen, Veli-Matti.
_9586
900 _bTOC
942 _2lcc
_cMONOGRAPH
948 1 _a20081222
_bc
_cdc21
_dMPS
999 _c117884
_d117884